000 00556nam a22002057a 4500
003 OSt
005 20210426100659.0
008 210120s1989 ||||| |||| 00| 0 eng d
020 _a0399134700
040 _aeng
_beng
_cDLC
041 _aeng
080 _a821.111
_bF-85
100 _aFrancis.Dick
_9655
245 _aStraight
_c/ by: G. P. Putnam's Sons
260 _aNew York
_bG. P. Putnam's Sons
_c1989
300 _a323 p.
650 0 _9254
_aEnglish literature
653 _aინგლისური ლიტერატურა
942 _2udc
_cBK
999 _c888
_d888